Harmincéves a felnőtt-ideggondozó
Elmentve itt :
| Szerző: | |
|---|---|
| Dokumentumtípus: | Cikk |
| Megjelent: |
1986-11-29
|
| Sorozat: | Délmagyarország
76 No. 281 |
| Kulcsszavak: | gyógyítás, betegellátás |
| Online Access: | http://dmarchiv.bibl.u-szeged.hu/102979 |
| LEADER | 00475nab a2200157 i 4500 | ||
|---|---|---|---|
| 001 | delm102979 | ||
| 005 | 20190911084109.0 | ||
| 008 | 190911s1986 hu o 0|| hun d | ||
| 040 | |a SZTE Délmagyarország Archívum |b hun | ||
| 041 | |a hun | ||
| 100 | 1 | |a Kalocsai Katalin | |
| 245 | 1 | 0 | |a Harmincéves a felnőtt-ideggondozó |h [elektronikus dokumentum] / |c Kalocsai Katalin |
| 260 | |c 1986-11-29 | ||
| 300 | |a 3 | ||
| 490 | 0 | |a Délmagyarország |v 76 No. 281 | |
| 695 | |a gyógyítás, betegellátás | ||